000 00546nam a2200217Ia 4500
003 OSt
005 20230602113759.0
008 210423s2001 xx 000 0 und d
040 _cAL
041 _aeng
082 _a361.3
_223
_bBHAS
100 _aBHANTI (Raj)
_9118851
245 _aSocial development
260 _aNew Delhi
_bHimanshu Publications
_c2001
300 _bHB
365 _b450
_cINR
650 _aSocial Problems & Services
_9118852
650 _aSocial Work
_9118853
906 _adevelopment ; Social
942 _2ddc
_cBK
999 _c174774
_d174774